| 000 | 01001cam a2200289 i 4500 | ||
|---|---|---|---|
| 999 |
_c9310 _d9310 |
||
| 001 | 866096885 | ||
| 003 | OCoLC | ||
| 005 | 20241126110709.0 | ||
| 008 | 140304s2014 ilu d 001 0 eng | ||
| 010 | _a2013044703 | ||
| 020 | _a9781433541148 (tp) | ||
| 020 | _a1433541149 (tp) | ||
| 035 | _a(OCoLC)866096885 | ||
| 040 |
_aDLC _beng _erda _cDLC _dYDXCP _dBTCTA _dBDX _dTLE _dCDX _dCHVBK |
||
| 042 | _apcc | ||
| 082 |
_a220.6603 _bRYK |
||
| 092 | _bR993C2 | ||
| 100 | 1 |
_aRyken, Leland _98842 |
|
| 245 | 1 | 2 |
_aA complete handbook of literary forms in the Bible / _cLeland Ryken |
| 264 | 1 |
_aWheaton, Illinois : _bCrossway, _c2014 |
|
| 300 |
_a220 pages ; _c22 cm |
||
| 500 | _aIncludes index | ||
| 630 | 0 | 0 |
_aBible _xLanguage, style _vDictionaries _99771 |
| 630 | 0 | 0 |
_aBible _xCriticism, interpretation, etc. _vDictionaries _915864 |
| 776 | 0 | 8 |
_iOnline version: _aRyken, Leland. _tComplete handbook of literary forms in the Bible _dWheaton : Crossway, 2014 _z9781433541155 _w(DLC) 2014010691 |
| 942 |
_2ddc _cBK |
||